Score 0/25 Timer 03:00
0 Plays Today
Clue 4-Letter Word % Correct
Pinocchio song: [First Rung] you [Tenth Rung] upon a [Last Rung]WISH
94.8%
Rodents; often come blind and in threesomesMICE
93.8%
Santa Claus is checking it twiceLIST
93.6%
Pinocchio song: [First Rung] you [Tenth Rung] upon a [Last Rung]STAR
93.1%
Pinocchio song: [First Rung] you [Tenth Rung] upon a [Last Rung]WHEN
92.1%
A jacket to protect one from the coldCOAT
91.5%
The actors who take part in a movie or playCAST
91.2%
Stone cold moneyCASH
91.1%
A thorough cleaning in the showerWASH
91.1%
Former Secretary of State CondoleezzaRICE
90.6%
Price of a good or serviceCOST
89.9%
Informal conversationCHAT
89.2%
Move from a lower position to a higher oneRISE
88.1%
Clue 4-Letter Word % Correct
To drenchSOAK
87.5%
Like Peter Pan's band of boysLOST
87.5%
Inferior Sprite rip-off Sierra ____MIST
86.5%
Cloth footwearSOCK
86.2%
____, stock, and barrelLOCK
85.6%
Having or showing experience and knowledgeWISE
85.5%
To fly, or a Christina Aguilera songSOAR
85%
Oasis song 'Don't ____ Back in Anger'LOOK
84.5%
A pirate's treasureLOOT
84.3%
____ en scène, the arrangement of scenery in a playMISE
80.6%
'Mister Guitar' AtkinsCHET
75.4%
To sharpen a bladeWHET
74.5%

Today's Daily Dose

Missing Word
'T' Pairs

Word Ladder
Game Pieces

Get the Picture
Baseball Movies

Remove Ads.
Support Sporcle.
Get the best of Sporcle when you Go Orange. This ad-free experience offers more features, more stats, and more fun while also helping to support Sporcle. Thank you for becoming a member.

You're not logged in!

Compare scores with friends on all Sporcle quizzes.
OR
Log In

Show Comments

Extras

Top Quizzes Today


Score Distribution

Your Account Isn't Verified!

In order to create a playlist on Sporcle, you need to verify the email address you used during registration. Go to your Sporcle Settings to finish the process.

Report this User

Report this user for behavior that violates our Community Guidelines.

Details: